000 01972cam a22005414i 4500
003 PE-LiUPU
005 20250731165454.0
008 150623s r 000 0 d
020 _a0801021448
035 _a(Sirsi) i9780801021442
040 _aPE-LiUPU
_bspa
_cPE-LiUPU
_erda
049 _aPRUA
082 0 4 _a230.03d
_bM58
_221
100 1 _aZiefle, Helmut W.,
_eed.,
_eautor.
245 1 0 _aModern Theological German :
_ba reader and dictionary /
_c[editado por] Helmut W. Ziefle.
264 1 _aMichigan :
_bBaker Books,
_c1997.
300 _a357 páginas ;
_c21.5 centímetros
336 _atext
_2rdacontent
337 _aunmediated
_2rdamedia
338 _avolume
_2rdacarrier
505 0 _aTheological German reader. -Selections from the Bible. -Selections from theologians. -Theological German dictionary.
526 _aSEG44
526 _aSEG26
526 _aP151
526 _aP150
526 _aP149
526 _aP146
526 _aP145
526 _aP126
526 _aP125
526 _aP92
526 _aP75
526 _aP74
526 _aP27
526 _aP15
650 0 4 _aAlemán
_vDiccionarios
_xInglés.
650 0 4 _aAlemán
_vLibros de texto para hablantes extranjeros
_xInglés.
650 0 4 _aAlemán
_xLectores
_xTEOLOGIA.
650 0 4 _aAlemán
_xTérminos y frases.
650 0 4 _aTeología
_vDiccionarios
_xAlemán.
700 1 _aZiefle, Helmut W.,
_d1939-,
_eed.
942 _2ddc
_cBOOK
949 _aRC 230.03D M58
_wDEWEY
_c1
_i44797
_lCCODEBUL1
_mBUL
_r0
_sY
_tBOOK
_u2015-6-24
_xTEOLOGIA
_PP35
_0COMPRA
_o.CIRCNOTE. No olvidar cambiar la fecha de devolución!!!!!!!
_o.STAFF. Colección General
994 _aC0
_bPEPRU
596 _a1
999 _aRC 230.03D M58
_wDEWEY
_c21665
_i44797
_f2021-11-8
_g6
_lCCODEBUL1
_mBUL
_r1
_sY
_tBOOK
_u2015-6-24
_xTEOLOGIA
_PP35
_0COMPRA
_o.CIRCNOTE. No olvidar cambiar la fecha de devolución!!!!!!!
_o.STAFF. Colección General
_d21665
980 _81
_gALBERTO SANCHEZ Responsable de Automatización